000 01586nam a2200325 c 4500
003 BLK
005 20180420220101.0
008 180413b bul|||||r ||||||| ||bul||
010 _aKNG00029038000
020 _a954-07-1288-2
_bиздат.: Унив. изд. Св. Климент Охридски - на том(т. 4)
040 _aBLK
041 _aBUL
_cBUL
080 _aБългарска литература
_b821.163.2
_x-84
_z821.163.2-84
700 1 _aКръстов, Константин
_9259017
100 1 _aКръстов - Каменар, Константин
_eпърви автор
_9259018
700 1 _aДимовски, Борис
_eил.
_9242083
700 1 _aСлавов, Иван
_eпредг. от на том
_9268743
139 _aКръстов, Константин
_bК 92
245 1 0 _aПремудрости постолови
_bАфоризми ; Сентенции ; Главоврътки : Т. 1 -
_c Константин Кръстов; Константин Кръстов - Каменар; ил. Борис Димовски; предг. от на том Иван Славов.
_nТ. 4
_pСтрумски саги
257 _aBGR
260 София
_c1999
300 _c20 см
380 _aX
760 1 _3- на том(т. 4)
_aКръстов - Каменар, Константин
_dУнив. изд. Св. Климент Охридски, 1999
_h271 с. : с ил.
_tТ. 4 Струмски саги
852 _aЦб 201850
856 4 _qpdf
_u
856 4 _qpdf
_u
942 _cKNG
_n0
944 _aCR
_c15.01.2003
_kГеновева_Генчева
944 _aED
_c16.03.2006
_k
999 _c26489
_d26489